书目信息 |
| 题名: |
现代主义艺术20讲
|
|
| 作者: | 马永建 著 | |
| 分册: | ||
| 出版信息: | 上海 上海社会科学院出版社 2005 |
|
| 页数: | 303页 | |
| 开本: | 23cm | |
| 丛书名: | ||
| 单 册: | ||
| 中图分类: | J110.95 | |
| 科图分类: | ||
| 主题词: | 现代主义--艺术史--世界--19~20世纪 , 现代主义 , 艺术史 | |
| 电子资源: | ||
| ISBN: | 7-80681-713-1 | |
| 000 | 00890nam0 2200253 450 | |
| 001 | 010700013905 | |
| 005 | 20061116082956.87 | |
| 010 | @a7-80681-713-1@dCNY48.00 | |
| 100 | @a20051107d2005 em y0chiy0110 ea | |
| 101 | 0 | @achi |
| 102 | @aCN@b310000 | |
| 105 | @aa z 000yy | |
| 200 | 1 | @a现代主义艺术20讲@9xian dai zhu yi yi shu 20 jiang@e插图珍藏本@f马永建著 |
| 210 | @a上海@c上海社会科学院出版社@d2005 | |
| 215 | @a303页@d23cm | |
| 330 | @a本书不仅是一本系统介绍西方现代艺术的理论书籍,更是一部描述19世纪末到20世纪中叶人们追求心灵自由的奋斗史,书中大量闪烁着个性色彩的艺术作品图片,无不折射着艺术家的灵魂之光。 | |
| 510 | 1 | @a20 Lectures on Modern Art@zeng |
| 606 | 0 | @a现代主义@x艺术史@y世界@z19~20世纪 |
| 606 | 0 | @a现代主义 |
| 606 | 0 | @a艺术史 |
| 690 | @aJ110.95@v4 | |
| 701 | 0 | @a马永建@9ma yong jian@4著 |
| 801 | 0 | @aCN@bRENTIAN@c20061116 |
| 905 | @a10447@dJ110.95@e68 | |
| 现代主义艺术20讲:插图珍藏本/马永建著.-上海:上海社会科学院出版社,2005 |
| 303页;23cm |
| ISBN 7-80681-713-1:CNY48.00 |
| 本书不仅是一本系统介绍西方现代艺术的理论书籍,更是一部描述19世纪末到20世纪中叶人们追求心灵自由的奋斗史,书中大量闪烁着个性色彩的艺术作品图片,无不折射着艺术家的灵魂之光。 |
| ● |
| 相关链接 |
|
|
|
|
正题名:现代主义艺术20讲
索取号:J110.95/68
 
预约/预借
| 序号 | 登录号 | 条形码 | 馆藏地/架位号 | 状态 | 备注 |
| 1 | 0391094 | 203910946 | 第一样本阅览室/ [索取号:J110.95/68] | 在馆 | |
| 2 | 0391095 | 203910955 | 第一借阅区/ [索取号:J110.95/68] | 在馆 | |
| 3 | 0391096 | 203910964 | 第一借阅区/ [索取号:J110.95/68] | 在馆 | |
| 4 | 0391097 | 203910973 | 第一借阅区/ [索取号:J110.95/68] | 在馆 | |
| 5 | 0391098 | 203910982 | 第一借阅区/ [索取号:J110.95/68] | 在馆 |